| 000 | 00453pab a2200145 454500 | ||
|---|---|---|---|
| 008 | 180718b2004 xxu||||| |||| 00| 0 eng d | ||
| 100 | _aDent, Mike et al. | ||
| 245 | _aArchetype transition in the German health service? The attempted modernization of hospitals in a North German state | ||
| 260 | _c2004 | ||
| 300 | _ap.727-42. | ||
| 650 | _aHealth services - German | ||
| 650 | _aHealth services | ||
| 773 | _aPublic Administration | ||
| 909 | _a62459 | ||
| 999 |
_c62459 _d62459 |
||